Exploring the hidden Himalaya / (Record no. 129988)
[ view plain ]
| 000 -LEADER | |
|---|---|
| fixed length control field | 00924nam a22002777a 4500 |
| 003 - CONTROL NUMBER IDENTIFIER | |
| control field | dpl |
| 005 - DATE AND TIME OF LATEST TRANSACTION | |
| control field | 20180523134948.0 |
| 008 - FIXED-LENGTH DATA ELEMENTS--GENERAL INFORMATION | |
| fixed length control field | 180523b xxu||||| |||| 00| 0 eng d |
| 010 ## - LIBRARY OF CONGRESS CONTROL NUMBER | |
| LC control number | A-934383 |
| 020 ## - INTERNATIONAL STANDARD BOOK NUMBER | |
| Terms of availability | 00.00 |
| International Standard Book Number | 8173870772 |
| 035 ## - SYSTEM CONTROL NUMBER | |
| System control number | A-934383, A-934385 |
| 037 ## - SOURCE OF ACQUISITION | |
| Source of stock number/acquisition | Cen Lib/Ret |
| 040 ## - CATALOGING SOURCE | |
| Original cataloging agency | DPL |
| Language of cataloging | EN |
| Transcribing agency | 0 |
| 082 ## - DEWEY DECIMAL CLASSIFICATION NUMBER | |
| Classification number | 954.15 |
| Item number | MEH |
| 100 ## - MAIN ENTRY--PERSONAL NAME | |
| Personal name | Mehta, Soli |
| 9 (RLIN) | 27993 |
| 245 ## - TITLE STATEMENT | |
| Title | Exploring the hidden Himalaya / |
| Statement of responsibility, etc | by Soli Mehta [and] Harish Kapadia |
| 250 ## - EDITION STATEMENT | |
| Edition statement | 2nd rev ed |
| 260 ## - PUBLICATION, DISTRIBUTION, ETC. (IMPRINT) | |
| Name of publisher, distributor, etc | Indus Publishing Company |
| Place of publication, distribution, etc | New Delhi |
| Date of publication, distribution, etc | 1998 |
| 270 ## - ADDRESS | |
| Address | FS-5, Tagore Garden |
| City | New Delhi |
| Postal code | 110027 |
| 300 ## - PHYSICAL DESCRIPTION | |
| Extent | 190p. : |
| Dimensions | 20cm(Hb) |
| Other physical details | ill. |
| 500 ## - GENERAL NOTE | |
| General note | Includes bibliographical references and index |
| 650 ## - SUBJECT ADDED ENTRY--TOPICAL TERM | |
| Topical term or geographic name as entry element | Asia -- Himalayas - Visitors' guides |
| 9 (RLIN) | 27994 |
| 650 ## - SUBJECT ADDED ENTRY--TOPICAL TERM | |
| Topical term or geographic name as entry element | Mountaineering -- Himalaya Mountains -- Guidebooks |
| 9 (RLIN) | 27995 |
| 700 ## - ADDED ENTRY--PERSONAL NAME | |
| Personal name | Kapadia, Harish |
| 9 (RLIN) | 25006 |
| 942 ## - ADDED ENTRY ELEMENTS (KOHA) | |
| Source of classification or shelving scheme | Dewey Decimal Classification |
| Koha item type | English Books |
| Classification part | 954.15 |
| Call number suffix | MEH |
| Withdrawn status | Lost status | Damaged status | Not for loan | Home library | Current library | Date acquired | Source of acquisition | Cost, normal purchase price | Total Checkouts | Full call number | Barcode | Date last seen | Copy number | Cost, replacement price | Price effective from | Koha item type | Public note | Source of classification or shelving scheme | Collection code | Total Renewals | Date checked out |
|---|---|---|---|---|---|---|---|---|---|---|---|---|---|---|---|---|---|---|---|---|---|
| Written off | Central Library | Central Library | 08/07/2015 | Cen Lib/Ret | 0.00 | 954.15 MEH | A-934383 | 08/07/2015 | 1 | 0.00 | 08/07/2015 | English Books | Written off on approval by DLB (By Circulation); dtd 15-06-2023 | ||||||||
| Shahdara Branch | Shahdara Branch | 23/05/2018 | BPPD/PUB | 0.00 | 4 | 954.15 MEH | A-934385 | 19/09/2024 | 0.00 | 23/05/2018 | English Books | Dewey Decimal Classification | Non-fiction | 1 | 21/08/2024 |
